Odborný komentár k zákonu NR SR č.273/1994 Z.z. o zdravotnom poistení

Odborný komentár k zákonu NR SR č.273/1994 Z.z. o zdravotnom poistení, financovaní zdravotného poistenia, o zriadení Všeobecnej zdravotnej poisťovne a zriaďovaní rezortných, odvetvových, podnikových a občianskych zdravotných poisťovní.

Salvato in:
Dettagli Bibliografici
Natura: Capitolo di libro
Lingua:slovacco
Soggetti:
Tags: Aggiungi Tag
Nessun Tag, puoi essere il primo ad aggiungerne!!

MARC

LEADER 00000naa a2200000 4500
001 r019216
005 20221213100138.3
041 0 |a slo 
044 |a SK 
245 1 0 |a Odborný komentár k zákonu NR SR č.273/1994 Z.z. o zdravotnom poistení 
520 |a Odborný komentár k zákonu NR SR č.273/1994 Z.z. o zdravotnom poistení, financovaní zdravotného poistenia, o zriadení Všeobecnej zdravotnej poisťovne a zriaďovaní rezortných, odvetvových, podnikových a občianskych zdravotných poisťovní. 
610 2 0 |a zákony 
610 2 0 |a Slovensko 
610 2 0 |a 1994 
610 2 0 |a komentáre 
610 2 0 |a poistenie zdravotné 
610 2 0 |a poistné 
610 2 0 |a poistníci 
610 2 0 |a financovanie 
610 2 0 |a poisťovne zdravotné 
610 2 0 |a Všeobecná zdravotná poisťovňa Bratislava 
610 2 0 |a komentáre